| 000 | 01052nam a2200301 i 4500 | ||
|---|---|---|---|
| 001 | bg | ||
| 245 | 0 | 0 |
_aWybrane zagadnienia diagnostyki pojazdów : _bpraca zbiorowa / _cpod red. Wincentego Lotko. |
| 250 | _aWyd. 3. | ||
| 260 |
_aRadom : _bPolitechnika Radomska. Wydawnictwo, _ccop. 2007. |
||
| 300 |
_a332 s. : _bil (gł. kolor.) ; _c24 cm. |
||
| 504 | _aBibliogr. przy rozdz. | ||
| 521 | 8 | _aDla wykładowców i studentów zajmujących się problemami diagnostyki nowoczesnych samochodów osobowych i ciężarowych. | |
| 546 | _aStreszcz. ang. | ||
| 650 | 9 | _aDiagnostyka techniczna | |
| 650 | 9 |
_aSamochody _xbadanie |
|
| 655 | _aPodręczniki akademickie | ||
| 700 | 1 |
_aLotko, Wincenty _d(1946- ). _eRed. |
|
| 015 | _aPB 4066/2008 | ||
| 020 | _a9788373512771 | ||
| 040 | _cBPK | ||
| 041 | 0 |
_apol _beng |
|
| 044 | _aPOL | ||
| 080 | _a629.33-192(075.8) | ||
| 920 | _a978-83-7351-277-1 | ||
| 942 | _cKS | ||
| 008 | 071129s2007 pl a f f |000 0 pol | ||
| 999 |
_c55416 _d55416 |
||
| 856 |
_uhttp://koha.tu.koszalin.pl/cgi-bin/koha/opac-detail.pl?biblionumber=55416 _yKatalog online BPK |
||